000 00680cam a22001931a 4500
082 _a388.11
_bMCC
_cL-18, P-14
100 1 _aMcCullough, Conde B.
_938607
245 1 4 _aThe economics of highway planning /
_cby C.B. McCullough and John Beakey.
260 _aSalem, Or. :
_bState Highway Commission,
_c1937.
300 _axiv, 485 p. :
_bincl. front., illus. (incl. maps) tables, forms, diagrs. ;
_c23 cm.
490 1 _aTechnical bulletin ;
526 _a0
_b0
_c0
_d388_110000000000000_MCC
650 0 _aMCE
_9379
650 0 _aRoads
_zOregon.
_938608
650 0 _aRoads.
700 1 _aBeakey, John,
_938599
710 2 _aOregon State Highway Commission.
_938600
942 _2ddc
_cBK
999 _c543241
_d543241